Music Quiz

Random Music or Bands Quiz

Multiple Rock n roll HOF Inductees Quiz Stats

 Plays Quiz not verified by Sporcle

Score 0/15 Timer 04:00
0 Plays Today
Band Musician % Correct
Beatles and Solo CareerPaul McCartney
98.6%
Beatles and Solo CareerJohn Lennon
98%
Beatles and Solo CareerGeorge Harrison
96.8%
Yardbirds, Cream, SoloEric Clapton
96.6%
Yardbirds and Led ZeppelinJimmy Page
86.1%
Solo career and with the Jackson 5Michael Jackson
85.1%
Byrds and CSNDavid Crosby
76.6%
Buffalo Springfield and CSNStephen Stills
75.2%
Band Musician % Correct
solo and as part of a duoPaul Simon
68.5%
Byrds and solos careerNeil Young
66.5%
Yardbirds and Solo CareerJeff Beck
59%
Solo career and with the ImpressionsCueris Mayfield
20.2%
Solo Career and the DriftersClyde McPhatter
15%
The O'Jays and Little Anthony and the ImperialsSammy Strain
4.4%
The Flamingos and The dellsJohnny Carter
4.2%

You're not logged in!

Compare scores with friends on all Sporcle quizzes.
OR
Log In

You Might Also Like...

Show Comments

Extras

Top Quizzes Today


Score Distribution

Your Account Isn't Verified!

In order to create a playlist on Sporcle, you need to verify the email address you used during registration. Go to your Sporcle Settings to finish the process.

Report this User

Report this user for behavior that violates our Community Guidelines.

Details: